000 00642nam a2200241Ia 4500
003 OSt
005 20221007100153.0
006 a|||||r|||| 00| 0
007 ta
008 221006b |||||||| |||| 00| 0 eng d
024 _a3,903
037 _cTextual
040 _aLCO
_cLCO
_beng
041 _2eng
_aeng
082 _aX:97D, M6
100 _aRAO M.M
245 0 _aLabour management relations and trade union leadership.
260 _aDelhi
_bDeep & Deep pub.
_c1986
300 _a392
650 _aLABOUR MANAGEMENT & TRADE UNION .
_9701331
942 _hX:97D, M6
_cTEXL
999 _c1173466
_d1173466